The principles and practice of management. (3rd ed.) (Record no. 77282)

MARC details
000 -LEADER
fixed length control field 01106nam a2200217 a 4500
008 - FIXED-LENGTH DATA ELEMENTS--GENERAL INFORMATION
fixed length control field 120416s1975 ||||||||||||||||| || u
020 ## - INTERNATIONAL STANDARD BOOK NUMBER
International Standard Book Number 058245039x
050 ## - LIBRARY OF CONGRESS CALL NUMBER
Classification number HD 31 Pri
100 ## - MAIN ENTRY--PERSONAL NAME
Personal name Brech, Edward Franz Leopold
245 14 - TITLE STATEMENT
Title The principles and practice of management. (3rd ed.)
Statement of responsibility, etc. editedby E.F.L. Brech
250 ## - EDITION STATEMENT
Edition statement 3rd ed.
260 ## - PUBLICATION, DISTRIBUTION, ETC.
Place of publication, distribution, etc. London:
Name of publisher, distributor, etc. Longman
Date of publication, distribution, etc. 1975
300 ## - PHYSICAL DESCRIPTION
Extent [xx], 1081p : ill.
350 ## -
-- 0.00
500 ## - GENERAL NOTE
General note Bibliography: p. 1067.
650 #0 - SUBJECT ADDED ENTRY--TOPICAL TERM
Topical term or geographic name entry element MANAGEMENT
995 ## -
-- BINDERY (DAMAGED)
-- 0.00
-- 712965
-- CBU-MAIN LIBRARY (Kitwe)
-- 1
-- 0.00
-- HD 31 Pri
-- 3
-- DAMAGED
-- 003624
-- Main Library Open Access Collection
995 ## -
-- BINDERY (DAMAGED)
-- 0.00
-- 702779
-- CBU-MAIN LIBRARY (Kitwe)
-- 1
-- 0.00
-- HD 31 Pri BRE
-- 4
-- DAMAGED
-- Jun 15, 2009
-- 702779
-- Main Library Open Access Collection
995 ## -
-- BINDERY (DAMAGED)
-- 0.00
-- 716160
-- CBU-MAIN LIBRARY (Kitwe)
-- 1
-- 15.00
-- HD 31 Pri
-- 2
-- DAMAGED
-- 003625
-- Main Library Open Access Collection
995 ## -
-- BINDERY (DAMAGED)
-- 0.00
-- 712966
-- CBU-MAIN LIBRARY (Kitwe)
-- 2
-- 15.00
-- HD 31 Pri
-- 1
-- DAMAGED
-- 003623
-- Main Library Open Access Collection
999 ## -
-- 77282
-- 77282
Holdings
Withdrawn status Lost status Source of classification or shelving scheme Damaged status Not for loan Permanent Location Current Location Shelving location Date acquired Total Checkouts Full call number Barcode Date last seen Copy number Price effective from Koha item type
          CBU-MAIN LIBRARY, KITWE. CBU-MAIN LIBRARY, KITWE.   04/25/2023   HD 31 Pri 003624 04/25/2023 1 04/25/2023 MONOGRAPH
          CBU-MAIN LIBRARY, KITWE. CBU-MAIN LIBRARY, KITWE.   04/25/2023   HD 31 Pri 702779 04/25/2023 2 04/25/2023 MONOGRAPH
          CBU-MAIN LIBRARY, KITWE. CBU-MAIN LIBRARY, KITWE.   04/25/2023   HD 31 Pri 003625 04/25/2023 3 04/25/2023 MONOGRAPH
          CBU-MAIN LIBRARY, KITWE. CBU-MAIN LIBRARY, KITWE.   04/25/2023   HD 31 Pri 003623 04/25/2023 4 04/25/2023 MONOGRAPH